| 000 | 01043nam0a22002651 4500 | ||
|---|---|---|---|
| 001 | rc\371559 | ||
| 005 | 20250621054554.0 | ||
| 035 | _a(NLR Aleph) 005603003 | ||
| 090 |
_a6332786 _c6332786 |
||
| 100 | _a20030307d1989 |||y0rusy50 ca | ||
| 101 | 0 | _arus | |
| 102 | _aRU | ||
| 105 | _aa ||||||||| | ||
| 200 | 1 |
_aМембранный аппарат для диффузионного выделения и получения изотопов водорода особой чистоты _fВ.М. Быстрицкий, В.Г. Гурьянов, И.А. Ионесян и др. |
|
| 210 |
_aДубна _cОИЯИ _d1989 |
||
| 215 |
_a8 с. _cил. _d22 |
||
| 225 | 1 |
_aПрепринт _fОбъед. ин-т ядер. исслед. _vР13-89-784 |
|
| 320 | _aБиблиогр.: с. 8 (10 назв.) | ||
| 701 | 1 |
_aБыстрицкий _bВ. М. _gВиталий Михайлович _9162295 _3RU\NLR\AUTH\770162339 |
|
| 801 | 0 |
_aRU _bNLR _gpsbo |
|
| 801 | 1 |
_aRU _bELAR _2rusmarc |
|
| 852 |
_aNLR _j89-6/4861 |
||
| 942 | _cBOOK | ||
| 980 | _aNB | ||